Katholische Theologie heute: eine Einführung in das Studium
Uloženo v:
| Hlavní autor: | |
|---|---|
| Médium: | Kniha |
| Jazyk: | němčina |
| Vydáno: |
Wurzburgo
Echter
1995
|
| Vydání: | 2a. ed |
| Témata: | |
| Tagy: |
Přidat tag
Žádné tagy, Buďte první, kdo vytvoří štítek k tomuto záznamu!
|
MARC
| LEADER | 00000cam a2200000 a 4500 | ||
|---|---|---|---|
| 001 | UCE8144 | ||
| 003 | CL-VaPUC | ||
| 008 | 150728e19950000gw |||||||||||||||||ger|d | ||
| 020 | |a 3429012848 | ||
| 082 | 0 | 4 | |a 230.042 |b WOH |2 21 |
| 100 | 0 | |a Wohlmuth, Josef |e author |9 580889 | |
| 245 | 1 | 0 | |a Katholische Theologie heute: eine Einführung in das Studium |
| 250 | |a 2a. ed | ||
| 300 | |a 387 p | ||
| 942 | |c BK | ||
| 945 | |d 20150728 02:04:00 |a dcastane | ||
| 260 | |a Wurzburgo |b Echter |c 1995 | ||
| 650 | 0 | |a Teología cristiana |9 308336 | |
| 650 | 0 | |a Catolicismo |9 258690 | |
| 650 | 0 | |a Iglesia Católica |9 256114 | |
| 583 | |a last modification |c 20150728 02:04:00 |k Rodrigo Vera | ||
| 999 | |c 360094 |d 360092 | ||
| 952 | |0 0 |1 0 |3 erb |4 0 |6 230_042000000000000_WOH_1995 |7 0 |8 A |9 469733 |a BIBTEO |b BIBTEO |e Casale Rolle, Carlos Ignacio, -2014 |i 5184584 |o 230.042 WOH 1995 |p 5184584 |r 2025-01-17 |w 2019-11-23 |y BK |z Catalogado en:20150728 |k ICR | ||